000 00610nam a22001937a 4500
999 _c525916
_d525916
003 NUST
005 20190705100911.0
008 190705b ||||| |||| 00| 0 eng d
038 _aMr. Zahoor
082 _a621.3678
100 _aShahid, Jamal
_916862
245 _aGeomorphological Characterization of River Indus and Assessment of Physical Habitat /
_cJamal Shahid
260 _aIslambad :
_bIGIS - SCEE - NUST,
_c2018.
300 _aix, 81 p. : ill. ;
_c30cm.
500 _aHardcover.
650 _aGIS and Remote Sensing - MS Thesis
_916194
700 _aDr. Salman Atif
_916650
942 _2ddc
_cTHE